000 00485nam a2200169Ia 4500
999 _c30079
_d30079
003 OSt
005 20210104161708.0
008 190216s9999||||xx |||||||||||||| ||und||
040 _coclc
082 _a700
_bERA/I
100 _aEravankara, Madhu
_97918
245 0 _aIndian Cinema 100 Varsham 100 Cinemakal /
_cMadhu Eravankara
260 _bD C Books,
_c2014.
_aKottayam:
300 _a622p
650 _aMalayalam
942 _cBK
_2ddc
_h700
_iERA/I
_k700
_mERA/I